000 00802nam a2200253 a 4500
008
020 _a0135840619 (hbk. )
049 _aMAIN
090 _aQA76.5
_bUFF
100 1 _aUffenbeck, John.
245 1 0 _aMicrocomputers and microprocessors :
_bthe 8080, 8085, and Z-80 programming, interfacing, and troubleshooting /
_cJohn Uffenbeck.
260 _aEnglewood Cliffs :
_bPrentice Hall,
_cc1991.
300 _a2nd ed.
300 _axiv, 690 p. :
_bill. ;
_c24 cm.
500 _aIncludes index.
650 _aIntel 8085 (Microprocessor).
650 _aIntel 8080 (Microprocessor).
650 1 _aMicrocomputers.
907 _a.b10315469
_b09-07-12
_c09-07-12
003
005 20230123125436.0
040 _cNUST
942 _cBOOKS
_kQA76.5
_mUFF
999 _c141565
_d141565